Statystyki dla Stolice świata według flagi państwowej

Kliknij tutaj aby rozwiązać quiz!

Ogólne statystyki

  • Ten quiz został rozwiązany 25 razy
  • Średni wynik to 120 z 196

Statystyki odpowiedzi

Odpowiedź% Poprawnych
Waszyngton
94%
Brasilia
88%
Kair
88%
Kopenhaga
88%
Praga
88%
Rzym
88%
Teheran
88%
Algier
81%
Ateny
81%
Berlin
81%
Bratysława
81%
Budapeszt
81%
Helsinki
81%
Jerozolima
81%
Kijów
81%
Kiszyniów
81%
Lizbona
81%
Londyn
81%
Madryt
81%
Mińsk
81%
Moskwa
81%
Nairobi
81%
Nikozja
81%
Oslo
81%
Ottawa
81%
Paryż
81%
Quito
81%
Rijad
81%
San Marino
81%
Singapur
81%
Tokio
81%
Tunis
81%
Warszawa
81%
Wiedeń
81%
Wilno
81%
Zagrzeb
81%
Amsterdam
75%
Andora
75%
Ankara
75%
Bruksela
75%
Buenos Aires
75%
Dżakarta
75%
Islamabad
75%
Kapsztad / Pretoria / Bloemfontein
75%
Maputo
75%
Meksyk
75%
Montevideo
75%
Nowe Delhi
75%
Pekin
75%
Pjongjang
75%
Prisztina
75%
Rabat
75%
Reykjavik
75%
Ryga
75%
Santiago
75%
Seul
75%
Tallinn
75%
Tirana
75%
Vaduz
75%
Valetta
75%
Watykan
75%
Addis Abeba
69%
Baku
69%
Belgrad
69%
Berno
69%
Bukareszt
69%
Canberra
69%
Caracas
69%
Dakar
69%
Dublin
69%
Dżuba
69%
Hawana
69%
Kabul
69%
Kinszasa
69%
Kuala Lumpur
69%
Kuwejt
69%
Lima
69%
Lublana
69%
Luksemburg
69%
Mogadiszu
69%
Monako
69%
Podgorica
69%
Sarajewo
69%
Sofia
69%
Sztokholm
69%
Tajpej
69%
Ułan Bator
69%
Wellington
69%
Abu Zabi
63%
Asmara
63%
Astana
63%
Asuncion
63%
Bagdad
63%
Bejrut
63%
Bissau
63%
Bogota
63%
Damaszek
63%
Dżibuti
63%
Hanoi
63%
Katmandu
63%
Kingston
63%
Male
63%
Manila
63%
Port-au-Prince
63%
Skopje
63%
Taszkent
63%
Trypolis
63%
Abudża
56%
Aszchabad
56%
Biszkek
56%
Dhaka
56%
Dili
56%
Doha
56%
Georgetown
56%
Gwatemala
56%
Jaunde
56%
Kigali
56%
Lusaka
56%
Ndżamena
56%
Niamey
56%
Panama
56%
Paramaribo
56%
Phnom Penh
56%
Port Moresby
56%
Port-of-Spain
56%
Santo Domingo
56%
Tbilisi
56%
Wientian
56%
Akra
50%
Antananarywa
50%
Apia
50%
Bamako
50%
Bandar Seri Begawan
50%
Bangkok
50%
Chartum
50%
Dodoma
50%
Erywań
50%
Freetown
50%
Harare
50%
Jamusukro
50%
Kampala
50%
Lomé
50%
Luanda
50%
Monrovia
50%
Nawakszut
50%
Porto-Novo
50%
Praia
50%
Saint John's
50%
San Salvador
50%
São Tomé
50%
Sri Dźajawardanapura Kotte
50%
Suva
50%
Victoria
50%
Windhuk
50%
Amman
44%
Bandżul
44%
Bangi
44%
Brazzaville
44%
Honiara
44%
Kingstown
44%
Konakry
44%
La Paz / Sucre
44%
Manama
44%
Maseru
44%
Maskat
44%
Naypidaw
44%
Port Vila
44%
Sana
44%
San Jose
44%
Tarawa
44%
Thimphu
44%
Wagadugu
44%
Belmopan
38%
Bridgetown
38%
Duszanbe
38%
Funafuti
38%
Gaborone
38%
Libreville
38%
Malabo
38%
Managua
38%
Mbabane
38%
Nassau
38%
Ngerulmud
38%
Nuku'alofa
38%
Port Louis
38%
Tegucigalpa
38%
Basseterre
31%
Castries
31%
Gitega
31%
Lilongwe
31%
Majuro
31%
Moroni
31%
Palikir
31%
Roseau
31%
Yaren
31%
Saint George's
25%

Rozkład punktacji

Percentyl według liczby udzielonych odpowiedzi

Procent ludzi z każdym wynikiem

Twoja historia wyników

Nie rozwiązałeś tego quizu